000 00848nam a22002417a 4500
003 DO-SdBNP
005 20220617110718.0
007 ta
008 220617b2017 dr a|||| |||| 00| 0 spa d
020 _a9789945445190
040 _aDO-SdBNP
_bspa
_cBNPHU
082 4 _222
100 1 _aAlmonte Sánchez, José,
_d1948-
_981873
245 1 0 _aAcademia militar forjadora de líderes /
_bJosé Almonte Sánchez ; prólogo Francisco Ovalle Pichardo ; cuidado de edición Sócrates Suazo Ruiz
260 _aSanto Domingo :
_bs.n.,
_c2017.
300 _a227 p. :
_bil. ;
_c2017.
500 _aIncluye referencias bibliográficas y notas al pie de las páginas
590 _aInventariado, 2022/BT
700 1 _aOvalle Pichardo, Francisco,
_epról.
_972697
700 1 _aSuazo Ruiz, Sócrates,
_eedición
_910239
910 _aBtavárez
942 _2ddc
_cLBS1
999 _c52061
_d52061